|
|
|
|
| LEADER |
00931nam a2200241 i 4500 |
| 001 |
c000334311 |
| 003 |
CARM |
| 005 |
00000000000000.0 |
| 008 |
791204s1978 pe 00010 spa |
| 019 |
1 |
|
|a 1585553
|z 23423118
|5 LACONCORD2021
|
| 035 |
|
|
|a (OCoLC)5394363
|5 LACONCORD2021
|
| 043 |
|
|
|a s-pe---
|
| 050 |
0 |
0 |
|a F3408.M333
|b F34
|
| 100 |
1 |
|
|a Falcón, Jorge,
|d 1908-
|
| 245 |
1 |
0 |
|a Anatomía de los 7 [i.e. Siete] ensayos de Mariátegui /
|c Jorge Falcón.
|
| 250 |
|
|
|a 1. ed.
|
| 260 |
|
|
|a Lima :
|b Empresa Editora Amautá,
|c 1978.
|
| 300 |
|
|
|a 150 p. ;
|c 21 cm.
|
| 600 |
1 |
0 |
|a Mariátegui, José Carlos,
|d 1894-1930.
|t Siete ensayos de interpretación de la realidad peruana.
|
| 651 |
|
0 |
|a Peru.
|
| 852 |
8 |
|
|b CARM
|h A1:AN11F0
|i B08707
|p 0415233
|f BK
|
| 999 |
f |
f |
|i 52f1bec8-b60f-5bc7-8579-b4fe66d5794b
|s cbf9ba22-3f6a-5187-91f9-00158ff4d67d
|
| 952 |
f |
f |
|p Can circulate
|a CAVAL
|b CAVAL
|c CAVAL
|d CARM 1 Store
|e B08707
|f A1:AN11F0
|h Other scheme
|i book
|m 0415233
|